Municipis de la comarca del Gironès - Statistics

General Stats
  • This quiz has been taken 17 times
  • The average score is 15 of 27
Answer Stats
Answer % Correct
Girona
100%
Salt
92%
Bordils
85%
Celrà
85%
Flaçà
77%
Quart
77%
Sant Gregori
77%
Bescanó
69%
Cassà de la Selva
69%
Llagostera
69%
Sant Jordi Desvalls
69%
Sarrià de Ter
69%
Aiguaviva
62%
Juià
62%
Llambilles
62%
Vilablareix
62%
Cervià de Ter
54%
Madremanya
54%
Canet d'Adri
38%
Sant Joan de Mollet
38%
Sant Martí Vell
38%
Campllong
31%
Sant Andreu Salou
31%
Sant Martí de Llémena
23%
Sant Julià de Ramis - Medinyà
8%
Viladesens
8%
Fornells de la Sleva
0%
No matching quizzes found
Score Distribution
Percent of People with Each Score
Percentile by Number Answered
Your Score History
You have not taken this quiz